<?xml version="1.0" encoding="UTF-8"?><?xml-stylesheet type="text/xsl" href="static/style.xsl"?><OAI-PMH xmlns="http://www.openarchives.org/OAI/2.0/" xmlns:xsi="http://www.w3.org/2001/XMLSchema-instance" xsi:schemaLocation="http://www.openarchives.org/OAI/2.0/ http://www.openarchives.org/OAI/2.0/OAI-PMH.xsd"><responseDate>2026-04-14T19:10:13Z</responseDate><request verb="GetRecord" identifier="oai:uvadoc.uva.es:10324/24994" metadataPrefix="marc">https://uvadoc.uva.es/oai/request</request><GetRecord><record><header><identifier>oai:uvadoc.uva.es:10324/24994</identifier><datestamp>2021-06-29T17:30:05Z</datestamp><setSpec>com_10324_38</setSpec><setSpec>col_10324_852</setSpec></header><metadata><record xmlns="http://www.loc.gov/MARC21/slim" xmlns:doc="http://www.lyncode.com/xoai" xmlns:xsi="http://www.w3.org/2001/XMLSchema-instance" xmlns:dcterms="http://purl.org/dc/terms/" xsi:schemaLocation="http://www.loc.gov/MARC21/slim http://www.loc.gov/standards/marcxml/schema/MARC21slim.xsd">
<leader>00925njm 22002777a 4500</leader>
<datafield tag="042" ind1=" " ind2=" ">
<subfield code="a">dc</subfield>
</datafield>
<datafield tag="720" ind1=" " ind2=" ">
<subfield code="a">Corral Dos Santos, Lidia</subfield>
<subfield code="e">author</subfield>
</datafield>
<datafield tag="260" ind1=" " ind2=" ">
<subfield code="c">2017</subfield>
</datafield>
<datafield tag="520" ind1=" " ind2=" ">
<subfield code="a">Este Trabajo Fin de Grado estudia la crisis del Partido Socialista de septiembre de 2016 en&#xd;
Twitter, desde las declaraciones de Felipe González en las que criticaba a Pedro Sánchez&#xd;
hasta la primera semana de gestora, con Javier Fernández como presidente. Se analizan varios contextos comunicativos: por un lado, el tratamiento que dieron los propios protagonistas (el perfil del PSOE y el de Pedro Sánchez), por otro lado, cómo fueron los mensajes en Twitter de diversos medios de comunicación (El País, El Mundo, Antena 3 y Telecinco). Además, se han analizado los tweets con mayor relevancia en los principales Trending Topics que surgieron a lo largo de esos días. Para ello, se hizo un análisis de contenido cuantitativo y semi-cualitativo de los tweets publicados. Los resultados nos permiten ver que los medios no se posicionaron durante la crisis, los perfiles políticos tienen mayor peso y relevancia o que los ciudadanos más que posicionarse a favor o en contra del líder socialista, criticaron el tratamiento que se dio a la crisis en algunos medios de comunicación.</subfield>
</datafield>
<datafield tag="024" ind2=" " ind1="8">
<subfield code="a">http://uvadoc.uva.es/handle/10324/24994</subfield>
</datafield>
<datafield tag="245" ind1="0" ind2="0">
<subfield code="a">La crisis del PSOE de 2016 en Twitter. Análisis del tratamiento informativo, político y ciudadano</subfield>
</datafield>
</record></metadata></record></GetRecord></OAI-PMH>